Laboratory manual in clinical chemistry 1 / (Record no. 117998)
[ view plain ]
| 000 -LEADER | |
|---|---|
| fixed length control field | 00638nam a2200181Ia 4500 |
| 008 - FIXED-LENGTH DATA ELEMENTS--GENERAL INFORMATION | |
| fixed length control field | 140609s9999 xx 000 0 und d |
| 050 ## - LIBRARY OF CONGRESS CALL NUMBER | |
| Classification number | RB 40 |
| Item number | .N964 [2010] |
| 100 ## - MAIN ENTRY--PERSONAL NAME | |
| Personal name | Nuevo, Jose Jurel M. |
| 245 ## - TITLE STATEMENT | |
| Title | Laboratory manual in clinical chemistry 1 / |
| Statement of responsibility, etc | Jose Jurel M. Nuevo, Dianne Rose Capistrano-Mendoza |
| 260 ## - PUBLICATION, DISTRIBUTION, ETC. (IMPRINT) | |
| Place of publication, distribution, etc | [Philippines] : |
| Name of publisher, distributor, etc | [Medical Laboratory Science], |
| Date of publication, distribution, etc | [c2010?]. |
| 300 ## - PHYSICAL DESCRIPTION | |
| Extent | 62 leaves ; |
| Dimensions | 28 cm. |
| 500 ## - GENERAL NOTE | |
| General note | Includes bibliographical references. |
| 521 ## - TARGET AUDIENCE NOTE | |
| Target audience note | |
| 650 ## - SUBJECT ADDED ENTRY--TOPICAL TERM | |
| Topical term or geographic name as entry element | Clinical chemistry |
| General subdivision | Problems, exercises, etc. |
| 650 ## - SUBJECT ADDED ENTRY--TOPICAL TERM | |
| Topical term or geographic name as entry element | Diagnosis, Laboratory |
| General subdivision | Methods. |
| 942 ## - ADDED ENTRY ELEMENTS (KOHA) | |
| Call number prefix | Local |
| Koha item type | Books |
| Withdrawn status | Lost status | Source of classification or shelving scheme | Damaged status | Home library | Current library | Shelving location | Date acquired | Source of acquisition | Total Checkouts | Full call number | Barcode | Date last seen | Price effective from | Koha item type |
|---|---|---|---|---|---|---|---|---|---|---|---|---|---|---|
| Library of Congress Classification | Archives | Archives | 06/09/2014 | Donation | RB 40 .N964 [2010] | C18286 | 05/08/2018 | 06/09/2014 | Books |